[Event "Matinhos Caioba op 9th"]
[Site "Matinhos"]
[Date "2025.06.30"]
[Round "3"]
[White "Delgado Ramirez, Neuris"]
[Black "Cueto Chajtur, Johny"]
[Result "1-0"]
[WhiteElo "2489"]
[BlackElo "2113"]
[PlyCount "79"]
[EventDate "2025.06.29"]
[EventType "swiss"]
[EventRounds "9"]
[EventCountry "BRA"]
[SourceTitle "CB28_2025"]
[SourceDate "2025.07.09"]
[SourceVersion "1"]
[SourceVersionDate "2025.07.09"]
[SourceQuality "1"]

1. e4 g6 2. d4 Bg7 3. Nf3 d6 4. Bd3 a6 5. 0-0 Bg4 6. c3 Nd7 7. Nbd2 e5 8. Qb3 Rb8 9. Re1 Nh6 10. h3 Be6 11. Bc4 Qe7 12. Qa3 Nb6 13. Bxe6 Qxe6 14. dxe5 dxe5 15. c4 f6 16. c5 Nd7 17. b4 0-0 18. Qc3 Rfd8 19. Nb3 Nf8 20. Be3 Nf7 21. a4 g5 22. Rad1 Ng6 23. Rxd8+ Nxd8 24. b5 axb5 25. axb5 g4 26. hxg4 Qxg4 27. Qc4+ Nf7 28. Na5 h5 29. Nh2 Qc8 30. Qe2 Ra8 31. Qxh5 Nf4 32. Bxf4 exf4 33. Nb3 Ne5 34. Nd4 Qd7 35. Nf5 Qxb5 36. Ng4 Qe8 37. Qh4 Ra6 38. Nxe5 fxe5 39. Qg4 Qf8 40. Rd1 1-0

[Event "Manaus op"]
[Site "Manaus"]
[Date "2024.10.13"]
[Round "4"]
[White "Cueto Chajtur, Johny"]
[Black "Santiago, Yago de Moura"]
[Result "0-1"]
[WhiteElo "2099"]
[BlackElo "2460"]
[PlyCount "112"]
[EventDate "2024.10.11"]
[EventType "swiss"]
[EventRounds "9"]
[EventCountry "BRA"]
[SourceTitle "CB43_2024"]
[Source "Chessbase"]
[SourceDate "2024.10.23"]
[SourceVersion "1"]
[SourceVersionDate "2024.10.23"]
[SourceQuality "1"]

1. b3 d5 2. Bb2 e6 3. f4 Nf6 4. Nf3 a5 5. a3 a4 6. b4 c5 7. bxc5 Bxc5 8. e3 Nc6 9. Bb5 0-0 10. Nc3 Qb6 11. d4 Bd6 12. Rb1 Ne4 13. Nxe4 dxe4 14. Bxc6 Qxc6 15. Nd2 b5 16. 0-0 Qd5 17. c4 bxc4 18. Qc2 c3 19. Bxc3 Ba6 20. Nxe4 Bxf1 21. Nxd6 Bxg2 22. Qxg2 Qxd6 23. Bb4 Rab8 24. Ra1 Rxb4 25. axb4 Qxb4 26. Qc2 Qb3 27. Qxb3 axb3 28. Rb1 Rb8 29. Rb2 f5 30. Kf2 Kf7 31. Ke2 g5 32. fxg5 Kg6 33. h4 Kh5 34. Kf3 Kxh4 35. Kf4 Kh3 36. d5 exd5 37. Kxf5 Kg3 38. Ke5 Rb5 39. Kd6 Kf3 40. Kc6 Rb8 41. Kxd5 Kxe3 42. Kc4 Kf4 43. Kc3 Kxg5 44. Rg2+ Kf4 45. Kb2 h5 46. Rg7 h4 47. Rf7+ Kg3 48. Rg7+ Kh2 49. Rg4 h3 50. Rg7 Kh1 51. Rg3 h2 52. Rg7 Rf8 53. Kxb3 Rf1 54. Kc2 Rg1 55. Rh7 Kg2 56. Rg7+ Kf3 0-1

[Event "Titled Tuesday intern op 11th Jun Early"]
[Site "Chess.com INT"]
[Date "2024.06.11"]
[Round "3"]
[White "Cueto Chajtur, Johny"]
[Black "Garv, Gaur"]
[Result "0-1"]
[WhiteElo "2082"]
[BlackElo "2388"]
[PlyCount "70"]
[EventDate "2024.06.11"]
[EventType "swiss (blitz)"]
[EventRounds "11"]
[EventCountry "USA"]
[SourceTitle "EXT 2025"]
[Source "ChessBase"]
[SourceDate "2024.10.14"]
[SourceVersion "1"]
[SourceVersionDate "2024.10.14"]
[SourceQuality "1"]

1. d4 Nf6 2. Bg5 d5 3. Nf3 Nbd7 4. e3 c6 5. Nbd2 h6 6. Bh4 e6 7. Bd3 Be7 8. 0-0 0-0 9. c4 b6 10. Rc1 Bb7 11. Qc2 Rc8 12. Rfd1 c5 13. Qb1 cxd4 14. exd4 dxc4 15. Bxc4 Nd5 16. Bg3 N7f6 17. a3 Bd6 18. Qd3 Nf4 19. Qf1 N6d5 20. Ba6 Rxc1 21. Rxc1 Qe7 22. Bxb7 Qxb7 23. Qb5 Qe7 24. Rc6 Rd8 25. Ne4 Bb8 26. Qc4 Qd7 27. Kf1 f5 28. Ned2 Kh7 29. h4 Qb7 30. b4 b5 31. Qc5 Nd3 32. Qc2 Bxg3 33. fxg3 Ne3+ 34. Kg1 Nxc2 35. Rxc2 Qd5 0-1

[Event "Titled Tuesday intern op 11th Jun Early"]
[Site "Chess.com INT"]
[Date "2024.06.11"]
[Round "8"]
[White "Cueto Chajtur, Johny"]
[Black "Villabrille, Roberto"]
[Result "1-0"]
[WhiteElo "2082"]
[BlackElo "2140"]
[PlyCount "63"]
[EventDate "2024.06.11"]
[EventType "swiss (blitz)"]
[EventRounds "11"]
[EventCountry "USA"]
[SourceTitle "EXT 2025"]
[Source "ChessBase"]
[SourceDate "2024.10.14"]
[SourceVersion "1"]
[SourceVersionDate "2024.10.14"]
[SourceQuality "1"]

1. d4 Nf6 2. Bg5 c5 3. Nc3 e6 4. d5 e5 5. e4 d6 6. Bb5+ Bd7 7. Be2 Be7 8. a4 h6 9. Be3 0-0 10. Nf3 Bg4 11. Nd2 Bxe2 12. Qxe2 Nbd7 13. Nc4 a6 14. a5 b6 15. axb6 Nxb6 16. Na5 Qc8 17. Nc6 Re8 18. 0-0 Nfd7 19. Ra2 Bf8 20. Rfa1 Nb8 21. Nxb8 Qxb8 22. Rxa6 Rxa6 23. Qxa6 Nd7 24. Qb5 Qxb5 25. Nxb5 Rb8 26. c4 Nf6 27. f3 Be7 28. Ra7 Bf8 29. Kf2 Rb6 30. Ke2 Ne8 31. Kd3 Nf6 32. b4 1-0

[Event "Titled Tuesday intern op 11th Jun Early"]
[Site "Chess.com INT"]
[Date "2024.06.11"]
[Round "6"]
[White "Fisabilillah, Ummi"]
[Black "Cueto Chajtur, Johny"]
[Result "1-0"]
[WhiteElo "2181"]
[BlackElo "2082"]
[PlyCount "143"]
[EventDate "2024.06.11"]
[EventType "swiss (blitz)"]
[EventRounds "11"]
[EventCountry "USA"]
[SourceTitle "EXT 2025"]
[Source "ChessBase"]
[SourceDate "2024.10.14"]
[SourceVersion "1"]
[SourceVersionDate "2024.10.14"]
[SourceQuality "1"]

1. d4 Nf6 2. Nf3 d6 3. Bf4 b6 4. Nbd2 Bb7 5. c3 Nbd7 6. Qc2 h6 7. e4 e5 8. dxe5 Nh5 9. Be3 dxe5 10. Bb5 c6 11. Bc4 Qc7 12. 0-0-0 Bc5 13. Rhe1 Bxe3 14. Rxe3 b5 15. Bf1 Nc5 16. g3 Bc8 17. Be2 Nf6 18. Kb1 Be6 19. Nb3 Na4 20. Nfd2 0-0 21. c4 b4 22. c5 Rfd8 23. f3 Rd7 24. Bc4 Bxc4 25. Nxc4 Rad8 26. Red3 Rxd3 27. Rxd3 Rxd3 28. Qxd3 Nd7 29. Qe3 Qd8 30. Nd6 Qe7 31. Nf5 Qe6 32. Qd3 Kh7 33. Qd6 Naxc5 34. Nxc5 Qxd6 35. Nxd6 Nxc5 36. Nxf7 Nd7 37. Nd8 c5 38. Nc6 a6 39. Kc2 Kg6 40. Kd3 Kf6 41. Kc4 g5 42. Kd5 g4 43. fxg4 Kg5 44. h3 Kf6 45. Kd6 Nb6 46. Nxe5 c4 47. Nf3 c3 48. bxc3 bxc3 49. e5+ Kf7 50. e6+ Ke8 51. Nd4 Nc4+ 52. Kc5 Ne3 53. Kb6 c2 54. Ne2 Nd5+ 55. Kc5 Nc3 56. Nc1 Ke7 57. Kb6 Kxe6 58. Kxa6 Ne4 59. Kb6 Kd5 60. a4 Kc4 61. a5 Nc5 62. a6 Nxa6 63. Kxa6 Kc3 64. h4 Kd2 65. Na2 Ke3 66. g5 hxg5 67. h5 Kf3 68. h6 Kxg3 69. h7 g4 70. h8Q Kf2 71. Qd4+ Kg2 72. Qxg4+ 1-0

[Event "Titled Tuesday intern op 05th Mar Early"]
[Site "Chess.com INT"]
[Date "2024.03.05"]
[Round "5"]
[White "Cueto Chajtur, Johny"]
[Black "Perossa, Nicolas"]
[Result "0-1"]
[WhiteElo "2099"]
[BlackElo "2266"]
[PlyCount "76"]
[EventDate "2024.03.05"]
[EventType "swiss (blitz)"]
[EventRounds "11"]
[EventCountry "USA"]
[SourceTitle "EXT 2025"]
[Source "ChessBase"]
[SourceDate "2024.10.14"]
[SourceVersion "1"]
[SourceVersionDate "2024.10.14"]
[SourceQuality "1"]

1. d4 d6 2. Bf4 g6 3. Nc3 Bg7 4. e4 Nc6 5. Nge2 e5 6. Be3 exd4 7. Nxd4 Nge7 8. Qd2 0-0 9. 0-0-0 Re8 10. h4 Ne5 11. f3 a6 12. Bh6 N7c6 13. Bxg7 Kxg7 14. h5 Rh8 15. h6+ Kf8 16. Nd5 Be6 17. Nxe6+ fxe6 18. Qf4+ Nf7 19. Qf6 Qxf6 20. Nxf6 Ke7 21. Ng4 Nce5 22. Ne3 g5 23. Rh5 Rhg8 24. Be2 Ng6 25. Rhh1 Nf4 26. Bc4 b5 27. Bb3 c5 28. c4 b4 29. g3 Ne2+ 30. Kd2 Nd4 31. Rdf1 Ne5 32. Bd1 Raf8 33. f4 gxf4 34. gxf4 Ng6 35. f5 Ne5 36. fxe6 Kxe6 37. Rxf8 Rxf8 38. Rh2 Ndf3+ 0-1

[Event "Florianopolis op 10th"]
[Site "Florianopolis"]
[Date "2024.01.25"]
[Round "7"]
[White "Cueto Chajtur, Johny"]
[Black "Santos, Abel Cardoso Dos"]
[Result "1-0"]
[WhiteElo "2108"]
[BlackElo "1854"]
[PlyCount "31"]
[EventDate "2024.01.20"]
[EventType "swiss"]
[EventRounds "10"]
[EventCountry "BRA"]
[SourceTitle "CBM 218 Extra"]
[Source "ChessBase"]
[SourceDate "2024.03.31"]
[SourceVersion "1"]
[SourceVersionDate "2024.03.31"]
[SourceQuality "1"]

1. d4 Nf6 2. Bf4 g6 3. Nc3 d6 4. e4 Bg7 5. e5 Nh5 6. Qf3 Nxf4 7. Qxf4 dxe5 8. dxe5 c6 9. Bc4 0-0 10. Nf3 Qa5 11. 0-0-0 b5 12. Bb3 Na6 13. Ng5 b4 14. Qh4 h6 15. Nxf7 Kh7 16. Ne4 1-0

[Event "Florianopolis op 10th"]
[Site "Florianopolis"]
[Date "2024.01.24"]
[Round "6"]
[White "Coppola, Claudio"]
[Black "Cueto Chajtur, Johny"]
[Result "1-0"]
[WhiteElo "2250"]
[BlackElo "2108"]
[PlyCount "69"]
[EventDate "2024.01.20"]
[EventType "swiss"]
[EventRounds "10"]
[EventCountry "BRA"]
[SourceTitle "CBM 218 Extra"]
[Source "ChessBase"]
[SourceDate "2024.03.31"]
[SourceVersion "1"]
[SourceVersionDate "2024.03.31"]
[SourceQuality "1"]

1. d4 d6 2. e4 Nf6 3. Nc3 e5 4. Nf3 Nbd7 5. Rg1 g6 6. g4 Bg7 7. g5 Nh5 8. Be3 0-0 9. Qd2 c6 10. 0-0-0 Qa5 11. Kb1 Nb6 12. Be2 Be6 13. d5 cxd5 14. exd5 Bd7 15. Ne4 Qxd2 16. Nfxd2 Nxd5 17. Bxh5 Nxe3 18. fxe3 gxh5 19. Nf6+ Bxf6 20. gxf6+ Kh8 21. Nc4 Bf5 22. Nxd6 Bg6 23. Rg5 e4 24. Nxb7 Rfe8 25. Rgd5 h6 26. c4 Kh7 27. c5 Re6 28. Rd6 Bf5 29. Rxe6 Bxe6 30. Rd8 Rxd8 31. Nxd8 Bh3 32. Nc6 Kg6 33. Nxa7 Kxf6 34. c6 Ke7 35. c7 1-0

[Event "Florianopolis op 10th"]
[Site "Florianopolis"]
[Date "2024.01.23"]
[Round "5"]
[White "Cueto Chajtur, Johny"]
[Black "Da Cruz, Karoliny Taiane"]
[Result "1-0"]
[WhiteElo "2108"]
[BlackElo "1774"]
[PlyCount "41"]
[EventDate "2024.01.20"]
[EventType "swiss"]
[EventRounds "10"]
[EventCountry "BRA"]
[SourceTitle "CBM 218 Extra"]
[Source "ChessBase"]
[SourceDate "2024.03.31"]
[SourceVersion "1"]
[SourceVersionDate "2024.03.31"]
[SourceQuality "1"]

1. e4 e5 2. Nf3 Nc6 3. Bc4 Bc5 4. c3 Nf6 5. d4 exd4 6. cxd4 Bb4+ 7. Nc3 Nxe4 8. 0-0 Bxc3 9. d5 Bf6 10. Re1 Ne7 11. Rxe4 d6 12. Bg5 Bxg5 13. Nxg5 h6 14. Qh5 g6 15. Qh4 Bf5 16. Re3 Kf8 17. Qd4 Kg8 18. Qxh8+ Kxh8 19. Nxf7+ Kg8 20. Nxd8 Rxd8 21. Rxe7 1-0

[Event "Titled Tuesday intern op 02nd Jan Late"]
[Site "Chess.com INT"]
[Date "2024.01.02"]
[Round "7"]
[White "Cueto Chajtur, Johny"]
[Black "Caglar, Sila"]
[Result "1/2-1/2"]
[WhiteElo "2108"]
[BlackElo "2142"]
[PlyCount "81"]
[EventDate "2024.01.02"]
[EventType "swiss (blitz)"]
[EventRounds "11"]
[EventCountry "USA"]
[SourceTitle "EXT 2025"]
[Source "ChessBase"]
[SourceDate "2024.10.14"]
[SourceVersion "1"]
[SourceVersionDate "2024.10.14"]
[SourceQuality "1"]

1. d4 d6 2. Bf4 Nf6 3. Nc3 g6 4. e4 Bg7 5. Qd2 h6 6. h4 b6 7. f3 Bb7 8. 0-0-0 Nbd7 9. e5 Nd5 10. Nxd5 Bxd5 11. c4 Bb7 12. exd6 cxd6 13. Kb1 Nf8 14. g4 Ne6 15. Be3 Rc8 16. Nh3 Bxf3 17. Bd3 Bxg4 18. Rdf1 f5 19. h5 Bxh5 20. Nf4 Nxf4 21. Bxf4 Bxd4 22. Bxf5 e5 23. Bxh6 gxf5 24. Rxh5 f4 25. Bg5 Rxh5 26. Bxd8 Kxd8 27. Qg2 Rh8 28. Qg7 Rh2 29. Qg8+ Kc7 30. Qf7+ Kb8 31. Qd5 Rxb2+ 32. Kc1 Rxa2 33. Qxd6+ Rc7 34. Qd8+ Rc8 35. Qd6+ Kb7 36. Qd7+ Rc7 37. Qd5+ Ka6 38. Qb5+ Kb7 39. Qd5+ Rc6 40. Qd7+ Rc7 41. Qd5+ 1/2-1/2

[Event "Titled Tuesday intern op 02nd Jan Early"]
[Site "Chess.com INT"]
[Date "2024.01.02"]
[Round "4"]
[White "Cueto Chajtur, Johny"]
[Black "Dyulgerov, Volen"]
[Result "0-1"]
[WhiteElo "2108"]
[BlackElo "2200"]
[PlyCount "50"]
[EventDate "2024.01.02"]
[EventType "swiss (blitz)"]
[EventRounds "11"]
[EventCountry "USA"]
[SourceTitle "EXT 2025"]
[Source "ChessBase"]
[SourceDate "2024.10.14"]
[SourceVersion "1"]
[SourceVersionDate "2024.10.14"]
[SourceQuality "1"]

1. d4 e5 2. dxe5 d6 3. exd6 Bxd6 4. g3 h5 5. h4 Nf6 6. Bg5 Nc6 7. c3 Bg4 8. Nd2 Bxg3 9. fxg3 Ne5 10. Ndf3 Qe7 11. Bxf6 gxf6 12. Qa4+ b5 13. Qa3 b4 14. Qxb4 Nd3+ 15. Kd1 Nxb4 16. cxb4 0-0-0+ 17. Ke1 Qxb4+ 18. Kf2 Rhe8 19. Nh3 Bxf3 20. exf3 Qd2+ 21. Kg1 Qe3+ 22. Kh2 Rd2+ 23. Bg2 Qxf3 24. Nf4 Rg8 25. Nxh5 Qxg2# 0-1

[Event "Titled Tuesday intern op 02nd Jan Early"]
[Site "Chess.com INT"]
[Date "2024.01.02"]
[Round "7"]
[White "Cueto Chajtur, Johny"]
[Black "Murthy, Pappu LN"]
[Result "1-0"]
[WhiteElo "2108"]
[BlackElo "1821"]
[PlyCount "35"]
[EventDate "2024.01.02"]
[EventType "swiss (blitz)"]
[EventRounds "11"]
[EventCountry "USA"]
[SourceTitle "EXT 2025"]
[Source "ChessBase"]
[SourceDate "2024.10.14"]
[SourceVersion "1"]
[SourceVersionDate "2024.10.14"]
[SourceQuality "1"]

1. d4 Nf6 2. Bf4 d5 3. e3 c5 4. Nf3 Nc6 5. Nbd2 Qb6 6. dxc5 Qxb2 7. Rb1 Qc3 8. Bb5 e6 9. Ne5 Qxc5 10. c4 Be7 11. cxd5 Nxd5 12. Ne4 Qa3 13. Nxc6 bxc6 14. Bxc6+ Kf8 15. 0-0 Nxf4 16. exf4 Ba6 17. Bxa8 Bxf1 18. Rb8+ 1-0

[Event "Titled Tuesday intern op 02nd Jan Early"]
[Site "Chess.com INT"]
[Date "2024.01.02"]
[Round "6"]
[White "Tan, Jun Ying"]
[Black "Cueto Chajtur, Johny"]
[Result "1-0"]
[WhiteElo "2315"]
[BlackElo "2108"]
[PlyCount "79"]
[EventDate "2024.01.02"]
[EventType "swiss (blitz)"]
[EventRounds "11"]
[EventCountry "USA"]
[SourceTitle "EXT 2025"]
[Source "ChessBase"]
[SourceDate "2024.10.14"]
[SourceVersion "1"]
[SourceVersionDate "2024.10.14"]
[SourceQuality "1"]

1. d4 Nf6 2. c4 d6 3. Nf3 g6 4. Nc3 Bf5 5. Nh4 Bd7 6. g3 e5 7. d5 Bg7 8. Bg2 0-0 9. 0-0 a5 10. e4 Na6 11. Bg5 h6 12. Bd2 Nc5 13. Qc2 Kh7 14. h3 Nh5 15. Kh2 a4 16. Bf3 a3 17. b4 Na4 18. Bxh5 gxh5 19. Nxa4 Bxa4 20. Qd3 Be8 21. Nf5 Qf6 22. Qf3 Qg6 23. Nh4 Qf6 24. Qxh5 Bd7 25. Rac1 Rh8 26. Rc3 Kg8 27. Rf3 Qe7 28. Nf5 Bxf5 29. Rxf5 f6 30. Rc1 Qe8 31. Qxe8+ Rxe8 32. Rc3 Ra8 33. Rff3 Ra4 34. Rxa3 Rxa3 35. Rxa3 Kf7 36. Ra7 Rb8 37. a4 Kg6 38. g4 h5 39. Kg3 Bf8 40. a5 1-0